<?xml version="1.0" encoding="UTF-8"?>
<collection xmlns="http://www.loc.gov/MARC21/slim">
 <record>
  <leader>00345pamaa2200133   4500</leader>
  <controlfield tag="001">0000022127</controlfield>
  <controlfield tag="005">20061228090000.0</controlfield>
  <datafield tag="020" ind1="0" ind2="0">
   <subfield code="a">0863320937 </subfield>
  </datafield>
  <datafield tag="090" ind1="0" ind2="0">
   <subfield code="a">PR1174 </subfield>
   <subfield code="b">CAR 1985</subfield>
  </datafield>
  <datafield tag="100" ind1="1" ind2="0">
   <subfield code="a">CARGNELLI </subfield>
  </datafield>
  <datafield tag="245" ind1="1" ind2="0">
   <subfield code="a">End of century poems  </subfield>
   <subfield code="c">Renata L. Cargnelli.</subfield>
  </datafield>
  <datafield tag="260" ind1="0" ind2="0">
   <subfield code="a">Sussex: </subfield>
   <subfield code="b">The Book Guild Ltd., </subfield>
   <subfield code="c">1985.</subfield>
  </datafield>
  <datafield tag="300" ind1=" " ind2=" ">
   <subfield code="a">89p.; </subfield>
   <subfield code="c">23cm.</subfield>
  </datafield>
  <datafield tag="650" ind1="0" ind2="0">
   <subfield code="a">English poetry </subfield>
  </datafield>
 </record>
</collection>
